Будущим лингвистам. Русский язык как иностранный. Профессиональная сфера общения. Лингвистический профиль: учебное пособие
| Hovedforfatter: | |
|---|---|
| Institution som forfatter: | |
| Andre forfattere: | , |
| Summary: | Заглавие с титульного экрана Электронная версия печатной публикации Пособие представляет собой комплекс заданий для развития навыков профессионального общения, письма, говорения, аудирования. Предназначено для студентов - иностранцев, начинающих изучать русский язык. Может быть рекомендовано как для аудиторной, так и для самостоятельной работы. Режим доступа: из корпоративной сети ТПУ |
| Sprog: | russisk |
| Udgivet: |
Томск, Изд-во ТПУ, 2013
|
| Fag: | |
| Online adgang: | http://www.lib.tpu.ru/fulltext2/m/2014/m006.pdf |
| Format: | MixedMaterials Electronisk Bog |
| KOHA link: | https://koha.lib.tpu.ru/cgi-bin/koha/opac-detail.pl?biblionumber=252211 |
MARC
| LEADER | 00000nlm0a2200000 4500 | ||
|---|---|---|---|
| 001 | 252211 | ||
| 005 | 20250529160701.0 | ||
| 035 | |a (RuTPU)RU\TPU\book\274541 | ||
| 090 | |a 252211 | ||
| 100 | |a 20140227d2013 m y0rusy50 ca | ||
| 101 | 0 | |a rus | |
| 102 | |a RU | ||
| 105 | |a a j 001zy | ||
| 135 | |a drcn ---uucaa | ||
| 181 | 0 | |a i | |
| 182 | 0 | |a b | |
| 200 | 1 | |a Будущим лингвистам. Русский язык как иностранный. Профессиональная сфера общения. Лингвистический профиль |e учебное пособие |f Н. С. Гнездилова, О. А. Слабухо, Е. А. Юрина |g Национальный исследовательский Томский политехнический университет (ТПУ) | |
| 203 | |a Текст |c электронный | ||
| 210 | |a Томск |c Изд-во ТПУ |d 2013 | ||
| 300 | |a Заглавие с титульного экрана | ||
| 300 | |a Электронная версия печатной публикации | ||
| 330 | |a Пособие представляет собой комплекс заданий для развития навыков профессионального общения, письма, говорения, аудирования. Предназначено для студентов - иностранцев, начинающих изучать русский язык. Может быть рекомендовано как для аудиторной, так и для самостоятельной работы. | ||
| 333 | |a Режим доступа: из корпоративной сети ТПУ | ||
| 337 | |a Adobe Reader | ||
| 606 | 1 | |a Русский язык |x Для других народов |x Учебные руководства и пособия |2 stltpush |3 (RuTPU)RU\TPU\subj\26400 |9 50340 | |
| 610 | 1 | |a электронный ресурс | |
| 610 | 1 | |a учебные пособия | |
| 610 | 1 | |a труды учёных ТПУ | |
| 610 | 1 | |a русский язык для иностранцев | |
| 610 | 1 | |a русский язык как иностранный | |
| 610 | 1 | |a языкознание | |
| 610 | 1 | |a фонетика | |
| 610 | 1 | |a лексика | |
| 610 | 1 | |a профессиональное общение | |
| 610 | 1 | |a письма | |
| 610 | 1 | |a говорение | |
| 610 | 1 | |a аудирование | |
| 686 | |a Ш141.2-96 |2 rubbk | ||
| 700 | 1 | |a Гнездилова |b Н. С. |c лингвист |c старший преподаватель Томского политехнического университета |f 1986- |g Наталия Сергеевна |3 (RuTPU)RU\TPU\pers\31606 |9 15764 | |
| 701 | 1 | |a Слабухо |b О. А. |c лингвист |c старший преподаватель Томского политехнического университета |f 1978- |g Олеся Анатольевна |3 (RuTPU)RU\TPU\pers\31916 |9 15986 | |
| 701 | 1 | |a Юрина |b Е. А. |c лингвист |c профессор Томского политехнического университета, доктор филологических наук |f 1970- |g Елена Андреевна |3 (RuTPU)RU\TPU\pers\31917 | |
| 712 | 0 | 2 | |a Национальный исследовательский Томский политехнический университет |c (2009- ) |9 26305 |
| 801 | 1 | |a RU |b 63413507 |c 20140227 | |
| 801 | 2 | |a RU |b 63413507 |c 20160616 |g RCR | |
| 850 | |a 63413507 | ||
| 856 | 4 | |u http://www.lib.tpu.ru/fulltext2/m/2014/m006.pdf | |
| 942 | |c CF | ||